Welcome to CU Library Online Public Access Catalogue (OPAC)

Foundation Design Manual (Record no. 8385)

MARC details
000 -LEADER
fixed length control field 00492nam a22001457a 4500
005 - DATE AND TIME OF LATEST TRANSACTION
control field 20251128085825.0
008 - FIXED-LENGTH DATA ELEMENTS--GENERAL INFORMATION
fixed length control field 251128b |||||||| |||| 00| 0 eng d
050 ## - LIBRARY OF CONGRESS CALL NUMBER
Classification number TA775 NAY
100 ## - MAIN ENTRY--PERSONAL NAME
Personal name Nayak, Narayan V.
245 ## - TITLE STATEMENT
Title Foundation Design Manual
Remainder of title for practising engineers & cilvil engineering students
250 ## - EDITION STATEMENT
Edition statement 5th
Remainder of edition statement fully revised and enlarged
260 ## - PUBLICATION, DISTRIBUTION, ETC.
Place of publication, distribution, etc. New Delhi
Name of publisher, distributor, etc. Dhanpat Rai Publications Limited
Date of publication, distribution, etc. 2006
300 ## - PHYSICAL DESCRIPTION
Extent xx. various paging
Other physical details ill.
Dimensions 24.5cm
942 ## - ADDED ENTRY ELEMENTS (KOHA)
Source of classification or shelving scheme Library of Congress Classification
Koha item type Books
Edition 5th ed.
Suppress in OPAC No
999 ## -
-- 8385
-- 8385
Holdings
Withdrawn status Lost status Source of classification or shelving scheme Damaged status Not for loan Collection Home library Current library Shelving location Date acquired Total checkouts Full call number Barcode Date last seen Copy number Price effective from Koha item type
    Library of Congress Classification     Non-fiction Science Library (Miotso) Science Library (Miotso) General stacks 11/28/2025   TA775 NAY SLM00006212 11/28/2025 1 11/28/2025 Books
    Library of Congress Classification     Non-fiction Science Library (Miotso) Science Library (Miotso) General stacks 11/28/2025   TA775 NAY SLM00006213 11/28/2025 2 11/28/2025 Books
© 2023-2024 Copyright: Central University Libraries. All Rights Reserved | Created by: Mahone Tech Office